| 000 | 00443nam a2200157 4500 | ||
|---|---|---|---|
| 001 | 117216 | ||
| 003 | ES-MaACL | ||
| 005 | 20230906190841.0 | ||
| 007 | t| | ||
| 008 | 070301s1964 sp r ||||1| spa d | ||
| 100 | 1 |
_aPastor Ridruejo, Félix. _989523 |
|
| 245 | 1 | 3 |
_aLa revocación del testamento / _cpor Félix Pastor Ridruejo. |
| 260 |
_aBarcelona : _bNauta, _c1964. |
||
| 300 |
_a350 p. ; _c21 cm. |
||
| 852 |
_aES-MaACL _jC-25315 _bR.54162 |
||
| 999 |
_c117216 _d117216 |
||